McQuail's mass communication theory / (Record no. 18713)

MARC details
000 -LEADER
fixed length control field 00774cam a2200265 a 4500
001 - CONTROL NUMBER
control field 15806840
005 - DATE AND TIME OF LATEST TRANSACTION
control field 20200907145051.0
008 - FIXED-LENGTH DATA ELEMENTS--GENERAL INFORMATION
fixed length control field 090708t2010 xxkak frb 001 0 eng d
010 ## - LIBRARY OF CONGRESS CONTROL NUMBER
LC control number 2009932171
020 ## - INTERNATIONAL STANDARD BOOK NUMBER
International Standard Book Number 9781849202916
020 ## - INTERNATIONAL STANDARD BOOK NUMBER
International Standard Book Number 9781849202923 (pbk.)
040 ## - CATALOGING SOURCE
Original cataloging agency DLC
Transcribing agency DLC
Modifying agency DLC
-- EG-ScBUE
082 00 - DEWEY DECIMAL CLASSIFICATION NUMBER
Classification number 302.23
Edition number 22
Item number MCQ
100 1# - MAIN ENTRY--PERSONAL NAME
Personal name McQuail, Denis
9 (RLIN) 36781
245 10 - TITLE STATEMENT
Title McQuail's mass communication theory /
Statement of responsibility, etc Denis McQuail.
250 ## - EDITION STATEMENT
Edition statement 6th ed.
260 ## - PUBLICATION, DISTRIBUTION, ETC. (IMPRINT)
Place of publication, distribution, etc London :
Name of publisher, distributor, etc SAGE Publications,
Date of publication, distribution, etc c.2010.
300 ## - PHYSICAL DESCRIPTION
Extent viii, 621 p. :
Other physical details forms, tables ;
Dimensions 24 cm.
500 ## - GENERAL NOTE
General note Includes indexes.
504 ## - BIBLIOGRAPHY, ETC. NOTE
Bibliography, etc Bibliography : p. 574-613.
650 #0 - SUBJECT ADDED ENTRY--TOPICAL TERM
Topical term or geographic name as entry element Mass media
9 (RLIN) 9699
Source of heading or term BUEsh
651 ## - SUBJECT ADDED ENTRY--GEOGRAPHIC NAME
Source of heading or term BUEsh
653 ## - INDEX TERM--UNCONTROLLED
Resource For college Communication and mass media
Arrived date list December2014
942 ## - ADDED ENTRY ELEMENTS (KOHA)
Source of classification or shelving scheme Dewey Decimal Classification
Call number prefix 302.23 MCQ
Holdings
Withdrawn status Item status Source of classification or shelving scheme Damaged status Not for loan Vendor Home library Current library Shelving location Date acquired Source of acquisition Cost, normal purchase price Serial Enumeration / chronology Total Checkouts Total Renewals Full call number Barcode Checked out Date last seen Date last borrowed Cost, replacement price Koha item type
    Dewey Decimal Classification     Baccah Central Library Central Library First floor 03/12/2014   255.00 20677 11 11 302.23 MCQ 000037094 26/02/2025 03/06/2024 03/06/2024 318.75 Book - Borrowing